|
|
|
|
| LEADER |
00876nam a2200325 4500 |
| 001 |
DLU140159809 |
| 005 |
##20140218 |
| 040 |
# |
# |
|a DLU
|b vie
|
| 041 |
# |
# |
|a vie
|
| 044 |
# |
# |
|a vn
|
| 082 |
# |
# |
|a 808.83
|b Nhu
|
| 245 |
# |
# |
|a Những đốm lửa :
|b Tập truyện ngắn Á, Phi, Mỹ la tinh /
|c Nguyễn Cảnh Lâm, ... [và những người khác]dịch.
|
| 260 |
# |
# |
|a H. :
|b Lao động,
|c 1982.
|
| 300 |
# |
# |
|a 157 tr. ;
|c 19 cm.
|
| 700 |
# |
# |
|a Đắc Lê,
|e dịch.
|
| 700 |
# |
# |
|a Đặng Chung,
|e dịch.
|
| 700 |
# |
# |
|a Nguyễn Cảnh Lâm,
|e dịch.
|
| 700 |
# |
# |
|a Phạm Thị Hạnh,
|e dịch.
|
| 700 |
# |
# |
|a Thái Bá Tân,
|e dịch.
|
| 923 |
# |
# |
|a TL
|
| 991 |
# |
# |
|a SH
|
| 992 |
# |
# |
|a 5,60
|
| 994 |
# |
# |
|a DLU
|
| 900 |
# |
# |
|a True
|
| 911 |
# |
# |
|a Trương Thị Mỹ Lệ
|
| 925 |
# |
# |
|a G
|
| 926 |
# |
# |
|a A
|
| 927 |
# |
# |
|a SH
|
| 980 |
# |
# |
|a Thư viện Trường Đại học Đà Lạt
|